书目信息 |
| 题名: |
红楼园林
|
|
| 作者: | 任明华 著 | |
| 分册: | ||
| 出版信息: | 济南 山东画报出版社 2004 |
|
| 页数: | 183页 | |
| 开本: | 23cm | |
| 丛书名: | 大雅《红楼梦》文化系列 | |
| 单 册: | ||
| 中图分类: | TU-098.42 , I207.411 | |
| 科图分类: | ||
| 主题词: | 古典园林 , 文学--中国 | |
| 电子资源: | ||
| ISBN: | 7-80603-910-4 | |
| 000 | 00936oam2 2200301 450 | |
| 001 | 1259880927 | |
| 005 | 20121014163934.00 | |
| 010 | @a7-80603-910-4@dCNY29.00 | |
| 100 | @a20040630d2004 kemy0chiy50 ea | |
| 101 | 0 | @achi |
| 102 | @aCN@b370000 | |
| 105 | @aa z 000yy | |
| 106 | @ar | |
| 200 | 1 | @a红楼园林@b专著@f任明华著@Ahong lou yuan lin |
| 210 | @a济南@c山东画报出版社@d2004 | |
| 215 | @a183页@c彩图@d23cm | |
| 225 | 2 | @a大雅《红楼梦》文化系列 |
| 330 | @a本书分别介绍了大观园的原型与寓意、中国古典园林艺术与大观园的建造、园林的居住环境与人物的性格等六部分内容。 | |
| 461 | 0 | @1001002632748 |
| 605 | @a红楼梦 | |
| 605 | @a红楼梦@x古典园林@x研究 | |
| 606 | 0 | @a古典园林 |
| 606 | 0 | @a文学@x中国 |
| 690 | @aTU-098.42@v4 | |
| 690 | @aI207.411@v4 | |
| 701 | 0 | @a任明华@f(1970.5~)@4著@Aren ming hua |
| 801 | 0 | @aCN@b大连网信软件有限公司图书馆·11@c20121014 |
| 905 | @a10447@dI207.411@eJY479 | |
| 红楼园林/任明华著.-济南:山东画报出版社,2004 |
| 183页:彩图;23cm .-(大雅《红楼梦》文化系列 ) |
| ISBN 7-80603-910-4:CNY29.00 |
| 本书分别介绍了大观园的原型与寓意、中国古典园林艺术与大观园的建造、园林的居住环境与人物的性格等六部分内容。 |
| ● |
| 相关链接 |
|
|
|
|
正题名:红楼园林
索取号:I207.411/JY479
 
预约/预借
| 序号 | 登录号 | 条形码 | 馆藏地/架位号 | 状态 | 备注 |
| 1 | 7801167 | 278011679 | 学院路分馆/ [索取号:I207.411/JY479] | 在馆 | |
| 2 | 7801168 | 278011688 | 学院路分馆/ [索取号:I207.411/JY479] | 在馆 |